Statistics for Countries of the world - With a player in a stage tournament in the PDC

Click here to take the quiz!

General Stats

  • This quiz has been taken 13 times
  • The average score is 39 of 44

Answer Stats

PlayersCountry% Correct
271Australia
100%
203Belgium
100%
23China
100%
9Croatia
100%
24Denmark
100%
2France
100%
239Germany
100%
116Ireland
100%
11Italy
100%
44Japan
100%
844Netherlands
100%
53New Zealand
100%
6Norway
100%
23Poland
100%
18Russia
100%
2Slovakia
100%
69Spain
100%
40Sweden
100%
3Switzerland
100%
162United States
100%
170Austria
91%
3Brazil
91%
140Canada
91%
5080England
91%
40Finland
91%
16Greece
91%
8Malaysia
91%
1Portugal
91%
526Scotland
91%
3Slovenia
91%
344Wales
91%
9Czech Republic
82%
15Hungary
82%
11India
82%
211Northern Ireland
82%
27Singapore
82%
57South Africa
82%
1Serbia
73%
1South Korea
73%
9Thailand
64%
39Gibraltar
55%
3Guyana
45%
20Hong Kong
36%
2Barbados
27%

Score Distribution

Percentile by Number Answered

Percent of People with Each Score

Your Score History

You have not taken this quiz